[Event "IND-ch U13 Girls"]
[Site "Gujarath"]
[Date "2016.07.23"]
[Round "2"]
[White "Jishitha, D."]
[Black "Manya, Bagla"]
[Result "1/2-1/2"]
[WhiteElo "1866"]
[BlackElo "1460"]
[PlyCount "162"]
[EventDate "2016.07.22"]
[EventType "swiss"]
[EventRounds "11"]
[EventCountry "IND"]
[SourceTitle "EXT 2017"]
[Source "ChessBase"]
[SourceDate "2016.10.25"]
[SourceVersion "1"]
[SourceVersionDate "2016.10.25"]
[SourceQuality "1"]

1. d4 d5 2. c4 c6 3. Nc3 Nf6 4. e3 Bf5 5. cxd5 cxd5 6. Qb3 Bc8 7. Bb5+ Nc6 8. e4 e6 9. e5 Nd7 10. Nge2 a6 11. Bd3 Qb6 12. Qa4 Bb4 13. Be3 Qa5 14. Qd1 b5 15. 0-0 Nb6 16. b3 Bxc3 17. Nxc3 Bd7 18. Bd2 Qa3 19. Qg4 Kf8 20. Ne2 Qe7 21. a3 Nc8 22. Rfc1 N8a7 23. Ng3 f5 24. exf6 Qxf6 25. Bc3 Be8 26. Re1 Bf7 27. Re3 h5 28. Qd1 Kg8 29. Rf3 Qe7 30. Qd2 Rh6 31. Ne2 Rf8 32. Rg3 Kh8 33. Rf3 Bg6 34. Nf4 Bxd3 35. Qxd3 Rff6 36. a4 Qf7 37. axb5 axb5 38. Bd2 e5 39. Nxd5 Rxf3 40. Qxf3 Qxf3 41. gxf3 Rd6 42. Ne7 Nxd4 43. Bb4 Rd7 44. Ng6+ Kg8 45. Nxe5 Rd5 46. f4 Ne2+ 47. Kf1 Nxf4 48. Rxa7 Rxe5 49. Bc3 Rg5 50. Rb7 Ne6 51. Rb6 Kf7 52. Rb7+ Kg6 53. h4 Rd5 54. Re7 Rd6 55. Be5 Rc6 56. Ke2 Kf5 57. Bxg7 Nxg7 58. Rxg7 Rc3 59. Rg5+ Kf4 60. Rxb5 Kg4 61. Rb4+ Kh3 62. f3 Kg3 63. Rb8 Kxh4 64. b4 Kg3 65. b5 h4 66. b6 Rb3 67. b7 Kh2 68. f4 Rb2+ 69. Kf3 h3 70. f5 Rb3+ 71. Kf4 Rb4+ 72. Ke5 Rb5+ 73. Ke6 Rb6+ 74. Kd7 Kh1 75. Kc7 Rf6 76. Rg8 Rf7+ 77. Kc8 h2 78. b8Q Rc7+ 79. Kd8 Rd7+ 80. Ke8 Re7+ 81. Kf8 Rf7+ 1/2-1/2

[Event "IND-chB (Women) 42nd"]
[Site "Bhayandar"]
[Date "2015.07.05"]
[Round "5"]
[White "Tarini, Goyal"]
[Black "Jishitha, D."]
[Result "1-0"]
[WhiteElo "1924"]
[BlackElo "1541"]
[PlyCount "125"]
[EventDate "2015.07.02"]
[EventType "swiss"]
[EventRounds "11"]
[EventCountry "IND"]
[SourceTitle "CBM 167 Extra"]
[Source "ChessBase"]
[SourceDate "2015.09.14"]
[SourceVersion "1"]
[SourceVersionDate "2015.09.14"]
[SourceQuality "1"]

1. d4 d5 2. c4 c6 3. Nf3 Nf6 4. e3 e6 5. b3 Nbd7 6. Bb2 Bb4+ 7. Nbd2 0-0 8. Bd3 b6 9. a3 Bd6 10. 0-0 Bb7 11. Ne5 c5 12. cxd5 Nxd5 13. Nxd7 Qxd7 14. Nc4 Qc6 15. Be4 Qc7 16. Nxd6 Qxd6 17. dxc5 Qxc5 18. Qg4 g6 19. Qg3 Nc3 20. Bxc3 Bxe4 21. Bb4 Qb5 22. Bxf8 Rxf8 23. b4 Bd3 24. Rfd1 Be2 25. Rd2 Rc8 26. h3 Bc4 27. Rad1 Kg7 28. Qd6 Kg8 29. Qd7 Qa6 30. Qxc8+ Qxc8 31. Rd8+ Qxd8 32. Rxd8+ Kg7 33. Ra8 a6 34. Rb8 b5 35. Rb6 Kf6 36. Rxa6 Ke5 37. a4 bxa4 38. Rxa4 Kd6 39. Ra5 Bd5 40. Rc5 f6 41. f3 h6 42. Kf2 f5 43. Ke2 e5 44. Kd2 Bc6 45. Kc3 Bd5 46. Rc8 Kd7 47. Rh8 h5 48. Rh6 Bf7 49. Rh7 Ke6 50. b5 Kf6 51. Rxf7+ Kxf7 52. b6 Ke6 53. b7 Kf6 54. b8Q Ke6 55. Kc4 h4 56. Qb6+ Kf7 57. Kd5 e4 58. Qe6+ Kg7 59. Qe7+ Kh6 60. Ke6 exf3 61. Kf6 f2 62. Qg7+ Kh5 63. Qh7# 1-0

[Event "IND-chB (Women) 42nd"]
[Site "Bhayandar"]
[Date "2015.07.02"]
[Round "1"]
[White "Pratyusha, Bodda"]
[Black "Jishitha, D."]
[Result "1-0"]
[WhiteElo "2244"]
[BlackElo "1541"]
[PlyCount "133"]
[EventDate "2015.07.02"]
[EventType "swiss"]
[EventRounds "11"]
[EventCountry "IND"]
[SourceTitle "CBM 167 Extra"]
[Source "ChessBase"]
[SourceDate "2015.09.14"]
[SourceVersion "1"]
[SourceVersionDate "2015.09.14"]
[SourceQuality "1"]

1. d4 d5 2. c4 c6 3. Nc3 Nf6 4. e3 e6 5. Nf3 Nbd7 6. Qc2 b6 7. Bd3 Bb7 8. 0-0 a6 9. Rd1 Bb4 10. a3 Be7 11. b3 Rc8 12. Bb2 0-0 13. Qe2 a5 14. Rac1 c5 15. cxd5 Nxd5 16. Nxd5 Bxd5 17. Bb1 cxd4 18. Nxd4 Rxc1 19. Bxc1 Bc5 20. Bb2 Qe7 21. Nf5 Qg5 22. Ng3 Ne5 23. b4 Bb3 24. Rc1 axb4 25. axb4 Bxb4 26. Bxe5 Qxe5 27. Qd3 g6 28. Qxb3 Bc5 29. Ne4 Rc8 30. Qc3 Qxc3 31. Rxc3 Rd8 32. Rc1 Ra8 33. Nxc5 bxc5 34. Kf1 c4 35. Rd1 Rb8 36. Bc2 Rb2 37. Rc1 Kf8 38. Ke2 Ke7 39. Kd2 Rb7 40. Kc3 Rd7 41. Rd1 Rc7 42. Rd4 e5 43. Rxc4 Rxc4+ 44. Kxc4 Kd6 45. g4 Ke6 46. g5 Kd6 47. h4 Kc6 48. Be4+ Kd6 49. Kb5 Ke6 50. Kc6 f5 51. Bd5+ Ke7 52. Bg8 Kf8 53. Bxh7 Kg7 54. Bxg6 Kxg6 55. Kd6 e4 56. Ke5 Kg7 57. Kxf5 Kf7 58. h5 Kg7 59. h6+ Kf7 60. g6+ Kg8 61. Kf6 Kh8 62. g7+ Kg8 63. h7+ Kxh7 64. Kf7 Kh6 65. g8Q Kh5 66. Qg3 Kh6 67. Qh4# 1-0